College Quizbowl Stats
College Quizbowl Stats
Circuits
Seasons
Sets
Records
Detailed Stats
About
Loading...
Upstate NY
Tossups
Bonuses
Players
Teams
Categories (Tossup)
Categories (Bonus)
Jared Schwartz
RIT A
Categories
Category
Powers
Gets
Negs
BBs
Points
Earliest Buzz
Avg. Buzz
First Buzzes
Top 3 Buzzes
BPA
PVF
Religion
0
4
1
1
35
54
108.75
2
3
0.00
0.00
Literature - World
0
1
0
0
10
119
119.00
0
1
0.00
0.00
History - European
0
0
0
0
0
0.00
0
0
0.00
0.00
Buzzes
Category
Answer
Value
Buzz Position
Religion
graves
10
54
Religion
enlightenment
10
109
Religion
Coptic
-5
119
Literature - World
weeping
10
119
Religion
Black Hills
10
131
History - European
Francis I
0
133
Religion
Muhammad ibn Abd al-Wahhab
10
141
Previous
1
Next